Vương Nguyên: Gia đình phân tán ( Tục biên mấy người con trai Vương Long ) = A house divided

में बचाया:
ग्रंथसूची विवरण
मुख्य लेखक: Pearl S Buck
स्वरूप: पुस्तक
भाषा:Undetermined
प्रकाशित: Tp. HCM Văn Nghệ 2001
विषय:
टैग : टैग जोड़ें
कोई टैग नहीं, इस रिकॉर्ड को टैग करने वाले पहले व्यक्ति बनें!
Thư viện lưu trữ: Trung tâm Học liệu Trường Đại học Cần Thơ
LEADER 00627nam a2200181Ia 4500
001 CTU_40620
008 210402s9999 xx 000 0 und d
082 |a 813.52 
082 |b B922v 
100 |a Pearl S Buck 
245 0 |a Vương Nguyên: Gia đình phân tán ( Tục biên mấy người con trai Vương Long ) 
245 0 |b = A house divided 
245 0 |c Pearl S Buck, Nguyễn Thế Vinh 
260 |a Tp. HCM 
260 |b Văn Nghệ 
260 |c 2001 
650 |a american fiction ( vietnamese ),american literature - 20th century 
980 |a Trung tâm Học liệu Trường Đại học Cần Thơ